| 000 | 00623nam a22002057a 4500 | ||
|---|---|---|---|
| 999 |
_c17522 _d17522 |
||
| 003 | AR-CdUCM | ||
| 008 | 190327b ||||| |||| 00| 0 spa d | ||
| 040 |
_aMUNICIPALIDAD PROVINCIAL DEL CUSCO _cBIBLIOTECA MUNICIPAL DEL CUSCO |
||
| 082 |
_a869 .5 / _bV19 |
||
| 100 |
_aValle Inclán, Ramón del _925431 |
||
| 245 | _aFin de un revolucionario / | ||
| 260 |
_aMadrid : _bPrensa moderna, _c1928. |
||
| 300 |
_a62 páginas ; _c18 cm. |
||
| 505 | _aContenido : Literatura narrativa. | ||
| 650 |
_aLiteratura _983 |
||
| 650 |
_aEspañola _924066 |
||
| 650 |
_aSiglo XX _98 |
||
| 942 |
_2ddc _cLIBROS |
||
| 945 |
_arah _d08/05/2019 |
||